| 000 | 01099nam a22001937a 4500 | ||
|---|---|---|---|
| 008 | 090226t xxu||||| |||| 00| 0 eng d | ||
| 010 | _a | ||
| 020 |
_a _c125.00 |
||
| 035 | _aB-74579 | ||
| 040 |
_adpl _bHN |
||
| 082 | _a181.45 | ||
| 245 |
_aश्रीमद्भगवद् गीता: _cकैलाश चन्द्र त्रिवेदी द्वारा अनुवादित _bपद्यानुबाद (हिन्दी) / |
||
| 260 |
_aजयपुर _bहंसा प्रकाशन _c2001 |
||
| 270 |
_a57, नाटाणी भवन, मिश्रराजाजी का रास्ता, चाँदपोल बाजार, _bजयपुर _e302001 |
||
| 300 |
_a118पृ. _c22सेमी. (अजिल्द) |
||
| 700 |
_aत्रिवेदी, कैलाश चन्द्र _941375 |
||
| 942 |
_2ddc _cHN _h181.45 _mश्रीमद् |
||
| 999 |
_c62418 _d62418 |
||